000 00553nam a22001817a 4500
005 20251108172902.0
008 250721s2004 xx 000 0 ara d
082 1 4 _a346.025/طلب
100 1 _aطلبه، أنور
245 1 0 _aالعقود الصغيرة الصلح و المقايضة و الوديعة /
264 1 _aالاسكندريه :
_bالمكتب الجامعي الحديث،
_c2004.
300 _a222 ص.
650 1 7 _aالعقود
650 1 7 _aالقانون
650 1 7 _aالودائع
942 _2ddc
_cBK
999 _c90916
_d90916